| 000 | 00399nam a22001457a 4500 | ||
|---|---|---|---|
| 999 |
_c7407 _d7407 |
||
| 003 | OSt | ||
| 005 | 20190208163600.0 | ||
| 008 | 190208b ||||| |||| 00| 0 eng d | ||
| 040 | _cDLC | ||
| 082 |
_a487.4 _bS613E |
||
| 245 |
_aThe Elements Of New Testament Greek / _cBy Union Biblical Seminary. |
||
| 260 |
_aPune, India : _bCentre For Extension Studies, _c1992. |
||
| 300 | _a163 p.: | ||
| 942 |
_2ddc _cBK |
||